00413nam a2200169Ia 4500003000400000005001700004008004100021040001800062041000800080082002100088100002100109245003300130250001200163260003800175300002400213440000600237OSt20250125094016.0210716s1970 xx 000 0 und d cAIMIT LIBRARY aeng a808.83 21bSINU aSinclair, Upton. aJungle /cBy Upton Sinclair. a1st ed. aNew York :bLancer Books ;c1970. a512p. ;bPBc17 cm. v6